000 00732nam a2200253Ia 4500
003 OSt
005 20221006142759.0
006 a|||||r|||| 00| 0
007 ta
008 221006b |||||||| |||| 00| 0 eng d
020 _cP6.50
024 _a7,180
037 _cTextual
040 _aEASL
_cEASL
_beng
041 _2eng
_aeng
082 _aY31(X:9J5)-741Y2:6.N7, L5
100 _aWATSON James L
_9648415
245 0 _aEmigration and the Chinese lineage
_b The mans in Hong Kong and London
260 _aBerkeley
_bUniversity of California Press
_c1975
300 _a242p.
_ccm.
490 _v CEL
942 _hY31(X:9J5)-741Y2:6.N7, L5
_cTEXL
_2CC
999 _c1075266
_d1075266